000 00343nam a2200169Ia 4500
100 _aDewet/K.K
650 _aGeneral
250 _a3
942 _cBK
654 _aModern economic
245 _aModern Economic Theory
260 _bS. Chand & co.
_c1992
082 _a338.9
_bDEW
300 _a741
546 _aENGLISH
999 _c31191
_d31191